| 000 | 00970nas a2200325 4500 | ||
|---|---|---|---|
| 001 | BR2015005641 | ||
| 003 | BR-BrBNA | ||
| 005 | 20231205125752.0 | ||
| 007 | ta | ||
| 008 | 230509b bl.|||p| |||| 00| 00por d | ||
| 040 |
_aBR-BrBNA _bpor _cBiblioteca Nacional de Agricultura |
||
| 041 | _a(En) | ||
| 072 | _aF60; F06; P33 | ||
| 100 | 1 | _aSilveira, H.R. de O. | |
| 100 | 1 | _aSouza, K.R.D. de | |
| 100 | 1 | _aAlves, J.D. | |
| 100 | 1 | _aSantos, M. de O. | |
| 100 | 1 | _aAndrade, C.A. | |
| 100 | 1 | _aBomfim, S.C. | |
| 245 | 1 | _aGas exchange and carbohydrate partitioning in coffee seedlings under waterlogging | |
| 650 | _aFOTOSSINTESE | ||
| 650 | _aRELACAO AGUA-PLANTA | ||
| 650 | _aACUCAR REDUTOR | ||
| 650 | _aBALANCO HIDRICO | ||
| 650 | _aCAFE | ||
| 650 | _aESTOMATO | ||
| 773 | 0 |
_tCiência e Agrotecnologia (Brazil) _xISSN 1413-7054 _g(Mar-Apr 2015), v. 39(2) p. 138-146 _wBR2015005641 |
|
| 909 |
_a202311 _bLúcia _c55 _dLúcia Elande |
||
| 942 |
_2AGRIS _n0 _cANA |
||
| 999 |
_c246042 _d246042 |
||